Znalosť - základ pre rozvoj terminologického aparátu v manažmente znalostí

Význam pojmu znalosi a odlíšenie ich od informácií a údajov, ktoré predstavujú tzv. vstupné prvky tvorby znalosti.

Salvato in:
Dettagli Bibliografici
Autore principale: Hvizdová, Eva, ml
Natura: Capitolo di libro
Lingua:slovacco
Soggetti:
Tags: Aggiungi Tag
Nessun Tag, puoi essere il primo ad aggiungerne!!

MARC

LEADER 00000nla$a2200000$$$4500
001 0125046
005 20240502072424.7
041 0 |a slo 
044 |a SK 
245 1 0 |a Znalosť - základ pre rozvoj terminologického aparátu v manažmente znalostí  |c Eva Hvizdová 
520 |a Význam pojmu znalosi a odlíšenie ich od informácií a údajov, ktoré predstavujú tzv. vstupné prvky tvorby znalosti. 
610 2 0 |a vedomosti 
610 2 0 |a pojmy 
610 2 0 |a definície 
610 2 0 |a riadenie znalostí 
100 1 |a Hvizdová, Eva, ml.